| 000 | 00681nam a22001817a 4500 | ||
|---|---|---|---|
| 008 | 160511b xxu||||| |||| 00| 0 eng d | ||
| 020 | _a9712712664 | ||
| 082 |
_22003 _aDFil 808.066 _bM31 |
||
| 100 |
_97940 _aManlapaz, Edna Zapanta |
||
| 245 |
_aThe Anvil guide to research paper writing: _ba step by step guide/ _cEdna Zapanta Manlapaz, Ma. Eloisa N. Francisco and Romeo L. Manlapaz. |
||
| 250 | _aThird Edition | ||
| 260 |
_aPasig City: _bAnvil Publishing, _cc2003. |
||
| 300 |
_axi, 233 pages: _billustrations; _c27 cm. |
||
| 650 | 0 |
_97941 _aReport writing |
|
| 700 |
_97942 _aFrancisco, Ma. Eloisa N. _eAuthor |
||
| 700 |
_97943 _aManlapaz, Romeo L. _eAuthor |
||
| 942 |
_2ddc _cDFIL |
||
| 999 |
_c2411 _d2411 |
||